Our parliament: (Record no. 194103)

MARC details
000 -LEADER
fixed length control field 00950nam a22002177a 4500
005 - DATE AND TIME OF LATEST TRANSACTION
control field 20230426114153.0
010 ## - LCCN (DPL NO)
LC control number B-747161-172 E.N.A./7.11.22
020 ## - INTERNATIONAL STANDARD BOOK NUMBER
International Standard Book Number 9788123701479
Terms of availability 190.00
035 ## - SYSTEM CONTROL NUMBER
System control number B-747161-172
037 ## - SOURCE OF ACQUISITION
Source of stock number/acquisition Vaibhav Publication
082 ## - DEWEY DECIMAL CLASSIFICATION NUMBER
Classification number 328.54
100 ## - MAIN ENTRY--PERSONAL NAME
Personal name Kashyap, Subhash C.
245 ## - TITLE STATEMENT
Title Our parliament:
Statement of responsibility, etc by Subhash C. Kashyap
Remainder of title an introduction to the parliament of India /
260 ## - PUBLICATION, DISTRIBUTION, ETC. (IMPRINT)
Place of publication, distribution, etc New Delhi
Name of publisher, distributor, etc National Book Trust
Date of publication, distribution, etc 2020
270 ## - ADDRESS
Address Nehru Bhawan, 5 Institutional Area, Phase-II, Vasant Kunj
City New Delhi
Postal code 110070
300 ## - PHYSICAL DESCRIPTION
Extent xiii, 327p
Dimensions 22cm (pbk)
490 ## - SERIES STATEMENT
Series statement India- the land and the people
500 ## - GENERAL NOTE
General note Includes bibliographical references and index
942 ## - ADDED ENTRY ELEMENTS (KOHA)
Source of classification or shelving scheme Dewey Decimal Classification
Item type English Books
Call number suffix KAS
Classification part 328.54
Holdings
Withdrawn status Lost status Not for loan Collection code Home library Current library Date acquired Source of acquisition Cost, normal purchase price Full call number Barcode Copy number Cost, replacement price Koha item type
      Non-fiction Ashok Vihar Ashok Vihar 26/04/2023 Vaibhav Publications/BL17/28.11.22/222/23.11.22/2.12.22 190.00 328.54 KAS B-747164 1 190.00 English Books
      Non-fiction Bawana Bawana 26/04/2023 Vaibhav Publications/BL17/28.11.22/222/23.11.22/2.12.22 190.00 328.54 KAS B-747168 1 190.00 English Books
      Non-fiction Central Library Central Library 26/04/2023 Vaibhav Publications/BL17/28.11.22/222/23.11.22/2.12.22 190.00 328.54 KAS B-747161 1 190.00 English Books
      Non-fiction Kadipur Kadipur 26/04/2023 Vaibhav Publications/BL17/28.11.22/222/23.11.22/2.12.22 190.00 328.54 KAS B-747170 1 190.00 English Books
      Non-fiction Katevara Katevara 26/04/2023 Vaibhav Publications/BL17/28.11.22/222/23.11.22/2.12.22 190.00 328.54 KAS B-747169 1 190.00 English Books
      Non-fiction Mobile Library Mobile Library 26/04/2023 Vaibhav Publications/BL17/28.11.22/222/23.11.22/2.12.22 190.00 328.54 KAS B-747162 2 190.00 English Books
      Non-fiction Mobile Library Mobile Library 26/04/2023 Vaibhav Publications/BL17/28.11.22/222/23.11.22/2.12.22 190.00 328.54 KAS B-747163 2 190.00 English Books
      Non-fiction Patel Nagar Patel Nagar 26/04/2023 Vaibhav Publications/BL17/28.11.22/222/23.11.22/2.12.22 190.00 328.54 KAS B-747165 1 190.00 English Books
      Non-fiction Sarojini Nagar Sarojini Nagar 26/04/2023 Vaibhav Publications/BL17/28.11.22/222/23.11.22/2.12.22 190.00 328.54 KAS B-747167 1 190.00 English Books
      Non-fiction Shahdara Branch Shahdara Branch 26/04/2023 Vaibhav Publications/BL17/28.11.22/222/23.11.22/2.12.22 190.00 328.54 KAS B-747171 1 190.00 English Books
      Non-fiction Tri Nagar Tri Nagar 26/04/2023 Vaibhav Publications/BL17/28.11.22/222/23.11.22/2.12.22 190.00 328.54 KAS B-747166 1 190.00 English Books
      Non-fiction Yojana Vihar Yojana Vihar 26/04/2023 Vaibhav Publications/BL17/28.11.22/222/23.11.22/2.12.22 190.00 328.54 KAS B-747172 1 190.00 English Books

© Delhi Public Library
Hit Counter
free hit counter